000 00465nam a2200157Ia 4500
008 151213s9999 xx 000 0 und d
100 _aমধুসুদন
245 _aরচনাবলী
_cমধুসুদন
250 _a১ম সং
260 _aকলিকাতা
_bদেবজ্যোতি দত্ত
_c1965
300 _a8331 p.
650 _aBangla
650 _aরচনাবলী
700 _aমধুসুদন
999 _c4173
_d4173